000 00990nam a22002657a 4500
999 _c64828
_d64828
005 20240530110753.0
008 181218s2018 ua g b 00| 0dara d
017 _a2018/2093
_bمصر. دار الكتب
020 _a9789777951647
040 _aEG-CaGPL
_cEG-CaGPL
082 0 4 _221
_a320.014 /
_bأ إ
100 0 _aاحمد حسن السمان
245 1 2 _aالاعلام والسياسة :
_bالتسويق السياسة فى القرن 21 /
_cاحمد حسن السمان
250 _aط.1
260 _aالقاهرة :
_bالدار المصرية اللبنانية ،
_c2018.
300 _a198 ص. ؛
_c24 سم.
504 _aيشتمل على ارجاعات ببليوجرافية
650 0 7 _2qrmak
_aالسياسة
650 0 7 _2qrmak
_aالحقوق السياسية
650 0 7 _2qrmak
_aالاحوال السياسية
650 0 7 _2qrmak
_aالسياسة والاعلام
651 _2qrmak
942 _2ddc
_cBK